| 000 | 00351nam a22001217a 4500 | ||
|---|---|---|---|
| 020 | _a9788126532308 | ||
| 082 |
_222 _a621.3 |
||
| 100 | _aDwived, Bharti and Tripathi, Anurag. | ||
| 245 | _aFundamentals of electrical engineering / | ||
| 260 |
_aNew Delhi, _bOxford University Press, _cc2012. |
||
| 300 |
_axii, 340p. ; _bill. ; _c23 cm. |
||
| 942 |
_2ddc _cEE _012 |
||
| 999 |
_c965 _d965 |
||